000 00859cam a2200253 a 4500
001 000020996
005 20200930011216.0
008 100827s1997 mx a 001 0 spa d
020 _a9701010647
040 _aDO-SdBNP
_bspa
_cBNPHU
082 _a004
_bL665e
100 1 _aLevine Gutiérrez, Guillermo.
_943945
245 1 0 _aEstructuras fundamentales de la computación :
_blos principios /
_cGuillermo Levine Gutiérrez.
260 _aMéxico :
_bMcGraw-Hill,
_c1997.
300 _a327 p. :
_bil ;
_c19 cm.
500 _aIncluye datos biográficos del autor.
500 _aIncluye índice.
504 _aIncluye referencias bibliográficas
504 _aIncluye notas al pie de las páginas.
650 4 _aInformatica
_95660
650 4 _aEstructura de datos (computadores)
_943946
650 4 _aIngenieria de la computación
_943947
049 _aBNGR
999 _c20499
_d20499